Impacts of artificial intelligence on an HR generalist role

Bibliographic Details
Main Author: Lamper Ágnes
Format: Article
Published: Budapesti Gazdaságtudományi Egyetem 2026
Series:Prosperitas early access online
Subjects:
doi:10.31570/prosp_2026_173

Kulcsszavak:HR competencies
artificial intelligence
HR generalists
strategic HR
organizational change
Online Access:http://publikaciotar.uni-bge.hu/2558

MARC

LEADER 00000nab a2200000 i 4500
001 publ2558
005 20260108132636.0
008 250917s2026 hu o 000 zxx d
022 |a 2786-4359 (Online) 
024 |a 10.31570/prosp_2026_173  |2 doi 
040 |a BGE Publikációtár Repozitórium  |b hun 
100 1 |a Lamper Ágnes 
245 1 0 |a Impacts of artificial intelligence on an HR generalist role  |c Lamper Ágnes  |h [elektronikus dokumentum] 
260 |a Budapesti Gazdaságtudományi Egyetem  |c 2026 
300 |a 1-15 
490 0 |a Prosperitas  |v early access online 
650 4 |a gazdálkodás- és szervezéstudományok 
695 |a HR competencies 
695 |a artificial intelligence 
695 |a HR generalists 
695 |a strategic HR 
695 |a organizational change 
856 4 0 |u https://publikaciotar.uni-bge.hu/id/eprint/2558/1/impacts-of-artificial-intelligence-on-an-hr-generalist-role-272.pdf  |z Dokumentum-elérés